000 00406nam a2200145Ia 4500
008 100122s9999 xx 000 0 und d
082 _b65369
_a824
100 _aशेवाळकर राम
245 _aरांगोळी
260 _bज्ञानेश प्रकाशन
_c2003
300 _a168
630 _aरांगोळी
730 _aरांगोळी
942 _cBOOK
999 _c438477
_d438474